| 000 | 00408 a2200157 4500 | ||
|---|---|---|---|
| 005 | 20250626144426.0 | ||
| 020 | _a0-07-024181-3 | ||
| 082 | _a909 GOU | ||
| 100 | _aGOUCHER, C | ||
| 245 | _aIn the Balance: Themes in Global History | ||
| 260 |
_aBoston _bNew York _c1998. |
||
| 300 |
_axxxiii,971p.: ill.; figures _bIndex _c22cm |
||
| 700 | _aCharles A. Leguin | ||
| 700 | _aLinda A. Walton | ||
| 942 |
_2ddc _cBKS |
||
| 999 |
_c5406 _d5406 |
||